000
00333 a2200157 4500
001
182803
020
_a
040
_c
Magnum
100
_a
Malba Tahan
240
1
0
_a
A sombra do arco-íris - v.2
_l
por
245
1
0
_a
A sombra do arco-íris - v.2
300
_a
497
362
0
_a
1963
697
_a
LITERATURA GERAL
942
_c
BK
999
_c
182803
_d
182803